00378nam a2200145Ia 4500008004100000020001500041041001200056082001600068100001700084245005000101260003700151300000800188650001400196700002200210221030s9999 xx 000 0 und d a812591238X aEnglish a105.23bRaj aR. S. Rajesh 0aComputer Networks Fundamentals & Applications bVikas Pub HouseaNew Delhic2003 a245 aComputers aK. S. Easwarkumar